日本ペンクラブ会長 - Statistics

General Stats
  • This quiz has been taken 9 times
  • The average score is 7 of 18
Answer Stats
会長 % Correct
2 正宗白鳥
89%
4 川端康成
89%
1 島崎藤村
78%
18 桐野夏生
78%
3 志賀直哉
67%
5 芹沢光治良
56%
9 井上靖
56%
14 井上ひさし
44%
11 大岡信
33%
7 石川達三
22%
17 吉岡忍
22%
10 遠藤周作
11%
12 尾崎秀樹
11%
13 梅原猛
11%
15 阿刀田高
11%
16 浅田次郎
11%
6 中村光夫
0%
8 高橋健二
0%
No matching quizzes found
Score Distribution
Percent of People with Each Score
Percentile by Number Answered
Your Score History
You have not taken this quiz